| 000 | 00500cam a22001457a 4500 | ||
|---|---|---|---|
| 008 | 180718b2006 xxu||||| |||| 00| 0 eng d | ||
| 082 | _aAPPPA/2005-06/JAR/20 | ||
| 100 | _aJarodia, S..C | ||
| 245 |
_aWhistle blowing as an anti-corruption tool _cby S.C. Jarodia |
||
| 260 |
_aNew Delhi _bIndian Institute of Public Administration _c2006 |
||
| 300 | _a74+p. | ||
| 500 | _aAn APPPA M.Phil dissertation, 2005-06 (Guide: Prof. Sushma Yadav) | ||
| 650 | _aAnti-corruption tool | ||
| 650 | _aWhistle blowing | ||
| 999 |
_c493379 _d493379 |
||